000 00504nam a22001817a 4500
003 NUST-PNEC
005 20170116180708.0
008 141001b xxu||||| |||| 00| 0 eng d
040 _cPNEC
082 _a500 NAS
100 _9457
_aNAS
245 _aNASA systems engineering handbook
_cDr. Robert Shishko
260 _aWashington, D.C.
_bNational Aeronautics and Space Administration,
_c1995
300 _axii, 154 p.:
_b ill. ;
_c28 cm.
500 _aIncludes Index
650 _xME
942 _2ddc
_cBK
999 _c60847
_d60847